00246nam a2200109 a 450000500170000000800410001705000170005810000150007524500160009026000130010665000170011920140414132014.0110314s19uu xx 00 eng d aTRbD54 1988 aBerry, Joy aDisobeying. bGrolier. aDisobedience